La fronda aristocrática: historia política de chile
Saved in:
| Hovedforfatter: | |
|---|---|
| Format: | Bog |
| Sprog: | spansk |
| Udgivet: |
Santiago
Del Pacífico
1959
|
| Udgivelse: | 5a. ed |
| Serier: | Biblioteca de Política
|
| Fag: | |
| Tags: |
Tilføj Tag
Ingen Tags, Vær først til at tagge denne postø!
|
MARC
| LEADER | 00000nam a2200000 a 4500 | ||
|---|---|---|---|
| 001 | UCT2749 | ||
| 003 | CL-VaPUC | ||
| 008 | 961011e19590000CL |||||||||||||||||spa|d | ||
| 082 | 0 | 4 | |a 320.983 |b EDW |2 21 |
| 100 | 0 | |a Edwards Vives, Alberto |e author |9 371767 | |
| 245 | 1 | 3 | |a La fronda aristocrática: historia política de chile |
| 250 | |a 5a. ed | ||
| 300 | |a 275 p | ||
| 942 | |c BK | ||
| 945 | |d 19961011 00:00:00 |a rbrito | ||
| 260 | |a Santiago |b Del Pacífico |c 1959 | ||
| 650 | 0 | |a Sociedad |9 307903 | |
| 650 | 0 | |a Aristocracia |9 356916 | |
| 650 | 0 | |a Política |9 255312 | |
| 650 | 0 | |a Gobierno |9 255508 | |
| 650 | 0 | |a Vida intelectual |9 265379 | |
| 650 | 7 | |a REVOLUCION |2 CL-VaPUC |9 338298 | |
| 650 | 0 | |a República |9 310048 | |
| 650 | 0 | |a Historia |9 255047 | |
| 651 | 7 | |a CHILE |2 CL-VaPUC |9 371768 | |
| 583 | |a last modification |c 19961011 00:00:00 |k Rodrigo Vera | ||
| 490 | 0 | |a Biblioteca de Política | |
| 999 | |c 252722 |d 252720 | ||
| 952 | |0 0 |1 0 |4 0 |6 320_983000000000000_EDW_1959 |7 0 |8 A |9 272775 |a BIBDER |b BIBDER |d 2019-11-19 |i 3240959 |l 2 |m 4 |o 320.983 EDW 1959 |p 3240959 |r 2024-09-23 |s 2024-09-02 |w 2019-11-19 |y BK |k DER | ||